Bày tỏ tâm trạng và cảm xúc bằng tiếng Anh
Cuốn sách này gồm những câu tiếng Anh dùng trong các tình huống bày tỏ tâm trạng và cảm xúc: thích, tán thành, đồng ý, ca ngợi, thừa nhận, tức giận, than phiền, tranh cãi, ghét, buồn chán, bực tức.......
Uloženo v:
| Hlavní autor: | |
|---|---|
| Médium: | Kniha |
| Jazyk: | Undetermined |
| Vydáno: |
Thành phố Hồ Chí Minh
Nhà xuất bản Thành phố Hồ Chí Minh
2004
|
| Témata: | |
| Tagy: |
Přidat tag
Žádné tagy, Buďte první, kdo otaguje tento záznam!
|
| Thư viện lưu trữ: | Trung tâm Học liệu Trường Đại học Cần Thơ |
|---|
| LEADER | 00978nam a2200217Ia 4500 | ||
|---|---|---|---|
| 001 | CTU_91028 | ||
| 008 | 210402s9999 xx 000 0 und d | ||
| 020 | |c 66000 | ||
| 082 | |a 428.24 | ||
| 082 | |b B112 | ||
| 100 | |a Nguyễn, Thành Yến | ||
| 245 | 0 | |a Bày tỏ tâm trạng và cảm xúc bằng tiếng Anh | |
| 245 | 0 | |c Nguyễn Thành Yến biên dịch | |
| 260 | |a Thành phố Hồ Chí Minh | ||
| 260 | |b Nhà xuất bản Thành phố Hồ Chí Minh | ||
| 260 | |c 2004 | ||
| 520 | |a Cuốn sách này gồm những câu tiếng Anh dùng trong các tình huống bày tỏ tâm trạng và cảm xúc: thích, tán thành, đồng ý, ca ngợi, thừa nhận, tức giận, than phiền, tranh cãi, ghét, buồn chán, bực tức.... | ||
| 650 | |a English language | ||
| 650 | |x Spoken english | ||
| 904 | |i Năm | ||
| 980 | |a Trung tâm Học liệu Trường Đại học Cần Thơ | ||